00413nam a2200157Ia 4500003000400000008004100004040001600045082001300061100002200074245004600096260004000142300001000182490002600192650001500218650002200233GCL140319s9999 xx 000 0 eng d aGCL / cGCL04a843bM T1 aMAURIAC, FRANCOIS10aTHERESE DESQUEYROUX / cMAURIAC, FRANCOIS a[S.N] : bBERNARD GRASSET ، c1993 a187 P aLES CAHIERS ROUGESv004aLITERATURE04aFRENCH LITERATURE